| 000 | 01209nam a2200337 a 4500 | ||
|---|---|---|---|
| 001 | ebr2002356 | ||
| 003 | CaPaEBR | ||
| 006 | m u | ||
| 007 | cr cn||||||||| | ||
| 008 | 011015s2000 enka sb 001 0 eng | ||
| 015 | _aGBA0-67744 | ||
| 016 | 7 |
_a0415133041 _2Uk |
|
| 020 | _z0415133041 | ||
| 020 | _z041513305X(pbk.) | ||
| 040 |
_aCaPaEBR _cCaPaEBR |
||
| 035 | _a(OCoLC)50853816 | ||
| 050 | 1 | 4 |
_aGV186 _b.I54 2000eb |
| 082 | 0 | 4 |
_a306.48 _221 |
| 100 | 1 | _aInglis, Fred. | |
| 245 | 1 | 4 |
_aThe delicious history of the holiday _h[electronic resource] / _cFred Inglis. |
| 260 |
_aLondon : _bRoutledge, _c2000. |
||
| 300 |
_axi, 206p. : _bill. |
||
| 504 | _aIncludes bibliographical references and index. | ||
| 533 |
_aElectronic reproduction. _bPalo Alto, Calif. : _cebrary, _d2013. _nAvailable via World Wide Web. _nAccess may be limited to ebrary affiliated libraries. |
||
| 650 | 0 |
_aTravel _xHistory. |
|
| 650 | 0 |
_aVacations _xSocial aspects _xHistory. |
|
| 650 | 0 |
_aTourism _xHistory. |
|
| 655 | 7 |
_aElectronic books. _2local |
|
| 710 | 2 | _aebrary, Inc. | |
| 856 | 4 | 0 |
_uhttp://site.ebrary.com/lib/rucke/Doc?id=2002356 _zAn electronic book accessible through the World Wide Web; click to view |
| 999 |
_c229675 _d229675 |
||